000 00746nam a22001937a 4500
003 BD-DhUL
005 20170518092007.0
008 160906s1999 bg |||| |||| 000 0 ben
020 _a9844101433
040 _aBD-DhUL
_cBD-DhUL
082 _a954.92
_bBAN
100 1 _a হোসেন, সোহরাব
245 1 0 _aবাংলাদেশের মুক্তিযুদ্ধে বিদেশীদের ভূমিকা /
_cসোহরাব হোসেন
260 _aঢাকা :
_bমাওলা বাদ্রার্স,
_c২০০০.
300 _a ২৪৪ পৃ. ;
_cমি. ২৩ সে.
650 0 _aইতিহাস
_zবাংলাদেশ
650 0 _aHistory
_z Bangladesh
942 _2ddc
_cBK
999 _c104396
_d104396